Statistiken für Wortgemisch - US-Staaten

Klicken Sie hier um das Quiz zu spielen!

Allgemein

  • Dieses Quiz wurde 15.618 mal gespielt
  • Das Durchschnittsergebnis liegt bei 16 aus 20

Antwortstatistiken

Staat% Korrekt
Ohio
97%
Mississippi
93%
Texas
92%
Alabama
89%
Alaska
89%
Utah
88%
Iowa
87%
Hawaii
85%
Kansas
85%
Idaho
84%
Oklahoma
83%
Illinois
82%
Tennessee
82%
Kentucky
79%
Wyoming
79%
Arizona
78%
Arkansas
77%
Colorado
77%
Nevada
77%
Pennsylvania
77%
Wisconsin
75%
Oregon
74%
Virginia
73%
Georgia
72%
Indiana
72%
Missouri
71%
Florida
69%
Massachusetts
69%
Montana
69%
Michigan
68%
Washington
67%
Maine
66%
Connecticut
65%
Vermont
63%
Nebraska
60%
Kalifornien
55%
Louisiana
55%
Delaware
51%
Maryland
49%
Minnesota
46%

Verteilung der Resultate

Perzentil nach korrekt beantworteten Fragen

Anzahl Personen mit jedem Resultat

Ihre Resultats-Entwicklung

Sie haben dieses Quiz noch nicht gespielt